| 000 | 00898nam a22002537a 4500 | ||
|---|---|---|---|
| 999 |
_c66 _d66 |
||
| 003 | AR-CdUCM | ||
| 008 | 190221b ||||| |||| 00| 0 spa d | ||
| 020 | _a84 344 3424 5 | ||
| 040 |
_aMUNICIPALIDAD PROVINCIAL DEL CUSCO _cBIBLIOTECA MUNICIPAL DEL CUSCO |
||
| 082 |
_a9187 / _bC94 |
||
| 100 |
_aCunill, Pedro _9316 |
||
| 245 | _aLa América Andina | ||
| 260 |
_aEspaña : _bAriel ; _c1978. |
||
| 300 |
_a522 páginas _balgunos cuadros , fotografías _c20cm |
||
| 440 |
_aColección El Cano _nSerie II, núm. 8 _9317 |
||
| 505 | _aLos Andes -- La zona de civilización Andina -- El inicio de la integración : el Pacto Andino -- Agricultura y subsistencia -- Diferentes tipos de ganadería. | ||
| 650 |
_aGeografía _9318 |
||
| 650 |
_aAndes _9319 |
||
| 650 |
_aAgricultura _9320 |
||
| 650 |
_aGanadería _9321 |
||
| 650 |
_aComercio _9322 |
||
| 942 |
_2ddc _cLIBROS |
||
| 945 |
_anom _d2019-02-21 |
||